| 000 | 00392 a2200169 4500 | ||
|---|---|---|---|
| 001 | 73749 | ||
| 020 | _a850300142x | ||
| 040 | _cAnchieta - Colégio São Paulo | ||
| 100 | _aBandeira, Manuel | ||
| 240 | 1 | 0 |
_aBerimbau e outros poemas _lpor |
| 245 | 1 | 0 | _aBerimbau e outros poemas |
| 300 | _a57 | ||
| 362 | 0 | _a1986 | |
| 440 | 1 | _aJosé Olympio | |
| 650 | 4 | _aLiteratura infantil | |
| 942 | _cBK | ||
| 999 |
_c73749 _d73749 |
||